000 00573pam a2200217 i 4500
001 4611138
005 20180222064703.0
008 770318s1977 nyua b 001 0 eng
010 _a 77004462
020 _a0060404493
040 _aDLC
_cDLC
_dDLC
041 _aeng
080 _a658.45 BAI
082 0 0 _a658.45 BAI
100 1 _a54
101 _aLID
245 1 4 _aThe dynamics of organizational communication /
_cJohn E. Baird, Jr.
504 _aIncludes bibliographies and indexes.
906 _a7
_bcbc
_corignew
_d1
_eocip
_f19
_gy-gencatlg
942 _2ddc
_cBK
999 _c43169
_d43169